[Event "Euwe intern 01/02"]
[Site "?"]
[Date "2002.02.21"]
[Round "19"]
[White "Van der Hoeven, Gertjan"]
[Black "Witt, Rob"]
[Result "0-1"]
[WhiteElo "2242"]
[BlackElo "2234"]
[Annotator "Witt,Rob"]
[PlyCount "83"]

1. e4 c5 {Vandaag had ik geen zin in Frans.} 2. Nf3 Nc6 3. d4 cxd4 4. Nxd4 Qc7
{Aangezien Gertjan pas komt kijken in de Open Siciliaan besloot ik een variant
te spelen waarmee hij, voorzover ik weet, geen praktische ervaring heeft.} 5.
Nc3 e6 6. Be3 {Een goede voortzetting want zelf heb ik alleen praktische
ervaring tegen opstellingen met g3.} a6 7. Be2 {Er zijn hier vele
alternatieven maar de tekstzet is het populairst op topniveau.} Nf6 8. Qd2 $6 {
Maar dit is ongebruikelijk en ook minder goed. De opstelling met Le3 en Dd2 is
gevaarlijk voor zwart maat Le2 is dan een overbodige zet.} ({De hoofdvariant
gaat verder met} 8. O-O Bb4 9. Na4 {en nu heeft Anand zowel Ld6 als Le7
gespeeld.}) 8... Bb4 {De logische voortzetting, maar wellicht komt 8...b5 ook
in aanmerking.} 9. f3 d5 10. Nxc6 bxc6 11. a3 Bd6 12. f4 $5 {Een verrassende
zet die ik niet had zien aankomen. Ook Gertjan gaf naderhand eerlijk toe dat
hij nu pas op het idee kwam. Na andere zetten staat zwart minstens gelijk.}
dxe4 {Dit leek me de enige zet tijdens de partij. Toch is er
eenverrassendalternatie f, namelijk:} (12... e5 $5 13. exd5 cxd5 14. O-O Bb7
15. Rad1 Rd8 {en de zwarte stelling lijkt OK.}) 13. O-O-O Be7 ({
Onaantrekkelijk vond ik} 13... Nd5 14. Nxe4 Bxf4 15. Bxf4 Qxf4 16. Qxf4 Nxf4
17. Bf3 {met een stelling waarin zwart, ondanks pluspion, alleen maar passief
kan afwachten.}) 14. Bd4 $1 O-O ({Minder goed is} 14... c5 15. Bxf6 Bxf6 (15...
gxf6 16. Nxe4 Bb7 17. Bf3 f5 18. Qc3 $1 Qxf4+ 19. Kb1 $14) 16. Nxe4 Be7 17.
Nd6+ Bxd6 18. Qxd6 Qxd6 19. Rxd6 Bb7 20. Rhd1 Bxg2 21. Rxa6 $14) 15. Be5 Qb6 $5
{Na de parti j beschouwden we dit als een belachelijke subtiliteit die
vervangen had moeten worden door direct Da7. Het idee is om eerst het witte
paard naar a4 te lokken, zodat de druk van e4 is, en dan pas Da7 te spelen. We
gingen zelfs zover dat zwart nu vrijwel verloren staat, terwijl na meteen Da7
zwart minstens gelijk staat. Dat blijkt allemaal sterk overdreven.} (15... Qa7)
16. Na4 Qa7 17. g4 c5 $2 {Pas dit is slecht. Veel beter was} (17... Bb7 18. g5
{Misschien moet wit hier wat anders spelen.} Rfd8 ({Vooral niet} 18... Rad8 $2
{wegens} 19. gxf6 $1 Rxd2 20. fxe7 Rxd1+ (20... e3 21. Bxg7 $1 Rb8 22. Rdg1 f6
23. Bh5 c5 24. Bxf6+ Bg2 25. h4 {en zwart heeft geen zetten meer. Er dreigt o.
a. Th3!}) 21. Rxd1 Re8 22. Rd8 f6 23. Bd4 Qb8 24. Rxb8 Rxb8 25. Bc5 {met
gewonnen eindspel.}) 19. Qa5 (19. Qc3 Nd5 20. Qg3 Ne3 $17) 19... Qe3+ ({
Sterker dan} 19... Nd5 20. c4 Ne3 21. Rxd8+ Rxd8 22. Bc7 {met onduidelijk spel.
}) 20. Kb1 Rxd1+ (20... Qxe2 21. Nc3) (20... Nd5 21. Rde1 Rd7) 21. Bxd1 Nd5 {
en zwart staat iets beter.}) 18. g5 Nd5 (18... Nd7 19. Bd6 Bxd6 20. Qxd6 Rb8
21. Rhe1 {en zwart komt moeilijk los.}) 19. c4 Nb6 20. Nc3 Bb7 21. Qe3 Rfd8 $2
{Opnieuw een slechte. Mijn eerste gedachte was} (21... Bc6 22. Nxe4 Qb7 {
Dit lijkt op het eerste gezicht sterk, maar faalt jammerlijk op} 23. Nf6+ Kh8 (
23... Bxf6 24. gxf6 Bxh1 25. f5 $1 Qg2 (25... h6 26. Rg1 $18) 26. Rg1 $18) (
23... gxf6 24. gxf6 Rfd8 25. Qg3+ Kf8 26. Bh5 $18) 24. Nxh7 $1 ({Ook winnend is
} 24. Rhg1 Rfd8 25. Nxh7) 24... Kxh7 (24... Bxh1 25. Nf6 Qg2 26. Rg1) 25. Qh3+
Kg8 26. Bxg7 Kxg7 27. Qh6+ Kg8 28. g6 {enz.}) ({Noodzakelijk en waarschijnlijk
goed speelbaar was} 21... Rad8 22. Rhg1 (22. Nxe4 $2 Qa8 $1 23. Nf6+ Bxf6 {
Dit is nu wel mogelijk.} 24. gxf6 Bxh1 25. Rg1 {wat anders?} Qe4 26. Rxg7+ Kh8
{en de witte aanval loopt niet verder.}) 22... Qa8 23. h4 Nc8 {en wit heeft
nog steeds gevaarlijke aanvalskansen, maar duidelijk is het niet.}) 22. Nxe4
Nd7 (22... Bc6 $5) 23. Bc3 Qb6 24. Rhg1 Kh8 $2 {Hierna is de witte aanval niet
te stoppen.} ({Mischien kan zwart zich nog verdedigen na} 24... Bf8 25. Nf6+ (
25. h4 $5) 25... Nxf6 26. gxf6 g6 27. h4 Qc6 28. h5 Qe4) 25. Bh5 Qc6 26. Nf2
Kg8 27. Ng4 Kf8 {Er was geen verdediging meer.} (27... g6 28. Rxd7 Qxd7 29. Qe5
) 28. Rxd7 {Ook de loperoffers op g7 of f7 zijn winnend.} Qxd7 29. Bxg7+ Kxg7
30. Qe5+ Bf6 31. gxf6+ Kh8 32. Nh6 Qd2+ 33. Kb1 Rd7 34. Nxf7+ Rxf7 35. Bxf7 Qd4
36. Qxd4 cxd4 37. Bxe6 Rf8 38. f7 Be4+ 39. Kc1 Bg6 40. Rd1 Bxf7 41. Bxf7 Rxf7
42. Rxd4 0-1

[Event "Euwe-LSG"]
[Site "?"]
[Date "2002.02.23"]
[Round "6"]
[White "Witt, Rob"]
[Black "Erwich, Marc"]
[Result "1/2-1/2"]
[WhiteElo "2234"]
[BlackElo "2318"]
[Annotator "Witt,Rob"]
[PlyCount "51"]

{Voor het eerst had ik in de meesterklasse een tegenstander zonder IM of
IGM-titel. De jonge Erwich zal die echter ongetwijfeld halen en reeds nu is
zijn rating aanzienlijk hoger dan de mijne. Hij bleek nog ongeslagen met een
4-5 score. Ook ik heb daar helaas geen verandering in kunnen brengen al heb ik
wel een kansje gemist.} 1. Nf3 Nf6 2. c4 b6 3. g3 Bb7 4. Bg2 e6 5. O-O Be7 6.
Nc3 O-O 7. Re1 d5 {Ik had voor deze parij niks voorbereid omdat dat onbegonnen
werk was tegen LSG. Ze wisselen voortdurend van bordvolgorde. Ik heb de
tekstzet nog nooit tegen me gehad. Meestal krijg ik c5 of Pe4 (Jan Werle)
tegen. Toch had ik dit d5 ook wel eens bekeken maar het fijne kon ik me toch
niet meer herinneren.} 8. cxd5 exd5 ({Heel ander spel geeft het alternatief} 
8... Nxd5 9. e4 Nxc3 10. bxc3 c5 11. d4 {Met name Kramnik heeft hiertegen een
paar leerzame partijen gewonnen.}) 9. d4 Na6 {Zo speelt Tiviakov ook. Er zijn
subtiele verschillen met de alternatieven Pbd7 en meteen c7-c5 waarin ik me
echter nog nooit verdiept heb.} 10. Bf4 c5 11. dxc5 {Hier is van alles
gespeeld maar waarschijnlijk is dit het nauwkeurigst.} Nxc5 ({Erwich dacht
lang na over} 11... bxc5 {maar de hangende pionnen worden kwetsbaar na} 12. Ne5
$5 {met de bedoeling om na bijv.} Nc7 13. Nc4 $1 {te spelen met de dreiging
Lxc7 en Pxd5.}) 12. Rc1 Nfe4 13. Be5 {Dit leek me logisch en ik meende dat ook
Kramnik een keer zo gespeeld had. Dat bleek echter nadat zwart 12....Pce4
gespeeld had. Hij legt geduldig uit dat in dat geval de lopermanoeuvre
Lf4-e5-d4 sterk is omdat deze dan niet lastig gevallen kan worden door Pe6.
Had ik dat maar eerder gelezen want met die uitleg erbij vergeet je dat niet
meer zo gauw. Na 12....Pfe4 heeft Kramnik een keer Pb5 gespeeld maar
waarschijnlijk is 13.Pd4 de sterkste voortzetting.} a6 {Na ruim 20' nadenken.
Bekend was nog Te8 met als oordeel gelijke kansen.} 14. b4 {Ook ik had hier
veel tijd aan besteed. Ik heb nu achteraf twijfels over deze zet. Tijdens de
partij heb ik niet gezien dat deze pion zwak wordt. Mijn voornaamste
alternatief was Lh3 en ook allerlei andere zetten als a3 of e3 komen in
aanmerking.} Ne6 {Dit leek me tijdens de partij het sterkste en ook Erwich
besteed hier niet veel tijd aan.} (14... Nxc3 15. Rxc3 Ne4 16. Rc7 Rb8 17. Qd4
Bd6 (17... f6 $2 18. Rxe7 Qxe7 19. Bxb8 Rxb8 20. Qxb6 $16) 18. Rc2 {geeft wit
een klein maar structureel voordeeltje.}) ({Ik hoopte eerlijk gezegd op} 14...
Nd7 15. Bd4 Bxb4 16. Bxg7 {Maar dat valt tegen. Na} Kxg7 17. Qd4+ Qf6 18. Qxb4
Rac8 {heeft wit absoluut niks.}) 15. Qb3 a5 $5 {Deze zet verraste me. Als de
pion nog op a7 gestaan had zou ik hier waarschijnlijk wel naar gekeken hebben.
Maar omdat twee zetten geleden a6 gespeeld is denk je er kennelijk niet aan
dat de pion weer een stapje naar voren kan.} 16. a3 ({Niet aantrekkelijk is} 
16. bxa5 Rxa5 17. Red1 Ra3 18. Qb2 Qa8 {en hoewel Fritz dit als gelijk
beoordeelt geef ik de voorkeur aan zwart.}) 16... axb4 17. axb4 Nxc3 18. Qxc3 (
{Erwich verwachtte} 18. Rxc3 {maar dat had ik verworpen wegens} d4 $1 19. Rd3
Bd5 20. Qb2 Ra2 21. Qb1 Qa8 {met o.a. de dreiging Ld5-e4.}) 18... Ra4 19. Rb1
Qd7 20. Red1 Rc8 {Dit ligt voor de hand, maar ik maakte me meer zorgen over} (
20... f6 21. Bd4 Rc8 22. Qe3 Nxd4 23. Rxd4 Rca8 {Ik zie nu echter dat wit
beschikt over het verrassende} 24. Bh3 $1 {en wit staat zeker niet minder.})
21. Qe3 b5 {Erwich vond dit achteraf te riskant en zei dat hij meteen op b4
had moeten slaan. Na bijv.} (21... Rxb4 22. Rxb4 Bxb4 23. Qxb6 Bc5 24. Qb2 d4
$1 25. e3 Rd8 26. Bxd4 (26. exd4 $2 f6 $1) 26... Bxf3 27. Bxf3 Bxd4 28. exd4
Nxd4 29. Kg2 {kunnen de handen geschud worden.}) 22. Bh3 {Dit had Erwich
onderschat.} Rxb4 $2 (22... Bxb4 23. Nd4 {geeft wit aanvalskansen als zwart
niet oppast. Het enige lijkt de moeilijk te vinden zet} Qe7 (23... Rc4 {
faalt op} 24. Bxg7 Kxg7 25. Qe5+ Kg8 26. Nxe6 {met winst.}) ({Bijv.} 23... Rc3
{wordt beantwoord met het verrassende} 24. Qg5 $1 Nxg5 25. Bxd7 $16) 24. Nxb5 {
met onduidelijk spel.}) ({Het veiligste voor zwart was} 22... Rc4 {Bijv.} 23.
Nd4 Bc8 24. Nf5 Bf8 25. Nd6 {met gelijke kansen.}) 23. Rxb4 Bxb4 24. Qd3 $2 {
Jammer. Hier mis ik mijn kans. Ik zie ten onrechte af van het geplande} (24.
Bxg7 $1 {Fritz vindt dit in eerste instantie niks tot mijn verbazing.} Kxg7 25.
Bxe6 fxe6 {Dit leek me de enige zet.} (25... Qxe6 {Dit wilde Erw ich spelen en
ook Fritz vindt dit het beste en zelfs goed voor zwart. Het verliest echter
kansloos.} 26. Qd4+ {En hier switcht Fritz naar gelijk spel.} Kg8 (26... f6 27.
Qxb4 Qxe2 28. Qg4+ {pas hier ziet Fritz winst.} Kh8 29. Re1 Qb2 30. Re7 Rg8 31.
Qf4 $1 ({Nog sterker dan het eveneens winnende} 31. Qf5 Rg7 32. Rxg7 Kxg7 33.
Qd7+ Kg8 34. Qxb7) 31... Bc8 32. Kg2 $18 Bg4 33. Nd4 Rg6 34. Qc7) 27. Qxb4 Qxe2
28. Qg4+ Kf8 29. Re1 {Inmiddels krijgt wit een klein plusje van Fritz.} Qc4 ({
Op} 29... Qc2 {volgt ook sterk} 30. Qg5 $18) 30. Qg5 {Dreigt Dg5-e7xb7. Het
plusje wordt al een stevige plus.} Qc6 31. Nd4 Qc3 32. Qe7+ Kg8 33. Nxb5 {
en de zwarte stelling is hopeloos.}) 26. Qd4+ e5 {Ik schrok toen ik deze
mogelijkheid in de vooruitberekening zag. Ten onrechte naar nu blijkt.} 27.
Qxb4 ({Niet overtuigend leek me} 27. Nxe5 Bc3 $1 28. Nxd7+ Bxd4 29. Rxd4 Rc4 {
en ik was bang dat zwart met de b-pion gevaarlijke compensatie had.}) 27... Qe6
{Zwart moet wel een pion geven.} ({Ik had alleen gekeken naar} 27... Re8 {
en vertrouwde deze stelling niet. Er volgt echter simpel} 28. Nxe5 {met zeer
goede winstkansen.}) ({Ook de andere poging om geen pion te geven is slecht:} 
27... Qe8 28. Qg4+ Kh8 29. Qf5 e4 30. Qf6+ Kg8 31. Ne5 {met grote problemen
voor zwart.}) 28. Qxb5 Rc7 {en het is maar de vraag of wit zijn pluspion in
winst kan omzetten maar de kansen zijn zeker aanwezig.}) 24... h6 25. Nd4 Bf8 {
Erwich had middels ook gezien dat wit iets gemist had en met nog 12' op de
klok (wit 30') besluit hij zo veilig mogelijk te spelen. Hij had echter nog
een winstpoging kunnen doen met:} (25... Rc4 {Ik was dan van plan om voort te
zetten met:} 26. Nxe6 (26. e3 Qe8 $1 $15) 26... fxe6 27. Qg6 Rc6 28. Rb1 Bf8
29. Rxb5 {maar zwart staat toch wel ietsje beter na:} Ba6 30. Rb2 Qf7) 26. Qxb5
{met remiseaanbod. Jammer van de gemiste kans op zet 24 maar ik ben in ieder
geval van de nul af.} 1/2-1/2

[Event "SGA-kamp."]
[Site "?"]
[Date "2002.03.01"]
[Round "1"]
[White "Hofman, Ron"]
[Black "Witt, Rob"]
[Result "0-1"]
[WhiteElo "2025"]
[BlackElo "2234"]
[Annotator "Witt,Rob"]
[PlyCount "49"]

{Het toernooi begon voor mij met een vlotte overwinning op clubgenoot Ron
Hofman.} 1. d4 d5 2. Bg5 {Zo speelt Ron altijd. Een paar maanden geleden had
hij mij geslacht in een rapidpartij. Inmiddels had ik het echter bestudeerd.}
h6 3. Bh4 c6 4. Nf3 Qb6 5. b3 Nd7 {In genoemde rapidpartij ging ik verder met
Lf5.} 6. e3 e5 $1 {Dit is mogelijk omdat in sommige varianten Lh4 ongedekt
komt te staan.} 7. dxe5 $2 {Merkwaardig dat Ron dit niet kende. Hij dacht hier
ruim 20' over na.} (7. Bg3 {is beter en dat werd dan ook door Ron in de
laatste ronde met succes gespeeld tegen Han Mawira.}) 7... Nxe5 8. Nbd2 Nxf3+ {
En hier dacht Ron maar liefst 25' na.} (8... Bg4 {komt ook in aanmerking.}) 9.
Nxf3 Bb4+ 10. Nd2 Bc3 11. Bd3 Qa5 {Na de partij hadden we het idee dat dit
misschien niet de beste is. Nog sterker is mogelijk} (11... Qb4 12. Bg3 {
en nu bijv.} Bg4 13. Qc1 Nf6 14. a3 Qe7 $17) 12. Ke2 $2 (12. a3) 12... Nf6 13.
a3 O-O 14. b4 Qc7 15. Rb1 Re8 (15... Bg4+ $5) 16. Kf1 (16. h3 {gaf Ron na de
partij aan, maar zwart blijft gewoon goed staan.}) 16... Bg4 17. Nf3 Ne4 {
Ron heeft hier nog 8' en ik 50'.} 18. Kg1 Nd2 19. Rc1 d4 20. Qe2 g5 $2 {
Dit verpest niks maar zwart had een combinatie} (20... dxe3 21. fxe3 Bxf3 22.
gxf3 Rxe3 $1 $19) 21. Bg3 Qe7 22. h4 {Ron nog minder dan 1'.} Qf6 23. hxg5 hxg5
24. Be5 {Een blunder in verloren stelling.} Rxe5 25. Bh7+ 0-1

[Event "SGA-kamp."]
[Site "?"]
[Date "2002.03.02"]
[Round "2"]
[White "Witt, Rob"]
[Black "Schoffelmeer, Frans"]
[Result "1/2-1/2"]
[WhiteElo "2234"]
[BlackElo "2007"]
[Annotator "Witt,Rob"]
[PlyCount "116"]

{Ook in de 2e ronde speel ik een redelijk goede partij. Op een gegeven moment
bereik ik een gewonnen stelling. Paar pionnen meer en meer tijd. Door een
onverklaarbare blackout laat ik het nog in remise verzanden. Een kostbaar
halfje weggegooid.} 1. Nf3 Nf6 2. c4 e6 3. Nc3 Bb4 4. Qc2 O-O 5. a3 Bxc3 6.
Qxc3 a5 7. b3 d6 8. d4 Nbd7 ({Ook gespeeld wordt hier} 8... Ne4 9. Qc2 f5) 9.
Bb2 Ne4 10. Qc2 f5 11. e3 Ndf6 12. Bd3 $6 {Hier was 12.Le2 nauwkeuriger. Over
een paar zetten wordt duidelijk waarom.} Bd7 13. O-O Qe8 14. Ne1 Qh5 15. f3 Ng5
16. Be2 {Ik zat met het probleem welke taak het paard op e1 moet krijgen. Het
leek me dat het op c2 niks te zoeken en op f2 nuttig werk kon doen.} Qh6 17.
Nd3 Nf7 18. Qd2 g5 {Er was nog weinig aan de hand, maar dit is natuurlijk een
rare zet. Bovendien heeft zwart nog maar 14' en ik ca. 50'.} 19. Nf2 Qg7 20. e4
f4 21. e5 Nh5 22. exd6 cxd6 23. Ng4 Nf6 24. Bc3 Nxg4 25. fxg4 a4 26. b4 ({
Ook mooi lijkt} 26. bxa4 Rxa4 27. Qb2) 26... Rac8 27. c5 Rfd8 {Wit nog 16'
zwart 2'.} 28. Bf3 d5 29. Rfe1 Qg6 30. Be2 Re8 31. h3 Rcd8 32. b5 Bc8 33. Bd3
Qh6 34. Qf2 Rf8 35. Bb4 e5 {Geen tijd meer en paniek in verloren stelling.} 36.
dxe5 Rfe8 37. Bc3 Be6 38. Bd4 Rc8 39. Rab1 Nd8 40. Rb4 Ra8 {Zwart heeft tot
mijn verbazing de tijdcontrole gehaald maar zijn stelling is een puinhoop.} 41.
Bc2 Bd7 42. Qf3 Qe6 43. Qd3 Qf7 44. Rxa4 Ne6 45. Rxa8 Rxa8 46. Bb2 (46. Bf2 {
was natuurlijk sterker maar ik had geen zin meer in de partij en zag een
trucje waarmee ik snel kon winnen als zwart er intrapt.}) 46... Rc8 ({Hij
trapt er niet in. Het trucje was} 46... Nxc5 47. e6 {en de loperdiagonalen
beslissen snel.}) 47. a4 Rxc5 48. Bb3 {Inmiddels had ik nog 22'en zwart 13'.}
f3 {Weer een paniekzet dacht ik, maar Fritz vindt het relatief nog het beste.}
49. Rf1 Nf4 50. Qxf3 Be6 51. Kh2 d4 {Het is bewonderenswaardig hoe zwart met
nog 5' mij iedere keer weer weet te verrassen met rommelzetten.} 52. Bxe6 (52.
Bxd4 {was simpeler.}) 52... Qxe6 53. Bxd4 Rc4 54. Bc3 Rxa4 55. g3 ({Wel zo
eenvoudig was} 55. Qxb7 Ra2 56. Rd1 Qe8 57. Rd7 Ne6 58. Qd5 Ra8 59. Bb4 {enz.})
55... Ng6 {Wit 12' zwart minder dan 2'.} 56. Bd2 $2 {Een matige zet waar ik
nog 5' aan besteed had. Ik had gezien dat hij in ieder geval niet op e5 mocht
slaan.} ({Minder eenvoudig maar wel zo elegant was} 56. Qxb7 Qc4 57. e6 Qe2+ (
57... Ra2+ 58. Kg1 Qc5+ 59. Kh1 Ne7 60. Rd1) 58. Kg1 Qe3+ 59. Kh1 Qe4+ 60. Qxe4
Rxe4 61. Re1 Rxe1+ 62. Bxe1 {met winst.}) ({Ook Td1 was beter dan de tekstzet.
} 56. Rd1 Ra2+ 57. Kh1 Qf7 58. Rd8+ Nf8 59. Qf5) 56... Qxe5 $2 {Hij doet het
toch!} (56... Ra2 57. Rf2 b6 {was nog taai.}) 57. Re1 $4 {Een blackout. Ik
vergeet eerst schaak te geven.} (57. Qf7+ Kh8 58. Re1 Re4 59. Rxe4 Qxe4 60.
Bc3+ {en mat.}) 57... Qxb5 {Hier keek ik vol ongeloof naar mijn stelling. Wat
is er in godsnaam gebeurd. Ik probeerde na te denken tot ik nog 4' had, mijn
tegenstander had ca. 1,5'.} 58. Re2 $2 {weer een rotte.} (58. Rf1 $16 {bood
nog winstkansen}) 58... Ra2 $2 {Mijn tegens tander zag dat ik kapot zat en
bood remise aan. Ik was niet meer in staat om na te denken en nam het aan. Ik
heb echter nog steeds winstkansen na 59.Tf2. Zoals ik al zei, een kostbaar
halfje weggegooid. Anderhalf uur later moest ik met zwart tegen Aran Kohler.}
1/2-1/2

[Event "SGA-kamp."]
[Site "?"]
[Date "2002.03.02"]
[Round "3"]
[White "Kohler, Aran"]
[Black "Witt, Rob"]
[Result "1/2-1/2"]
[WhiteElo "2238"]
[BlackElo "2234"]
[Annotator "Witt,Rob"]
[PlyCount "41"]

{Na mijn debacle 's middags tegen Schoffelmeer had ik er 's avonds tegen de
wisselvallige Kohler niet veel zin meer in. Gelukkig was Aran ook niet al te
fris en produceerden we binnen twee uur een niemendalletje vol kleine
onnauwkeurigheden.} 1. d4 d5 2. Nf3 e6 3. Bf4 {Na deze slappe zet was mijn
laatste restje inspiratie verdwenen.} c5 4. e3 Nc6 ({Iets beter is misschien} 
4... Qb6) 5. c3 ({Bekend is hier ook} 5. Nc3 a6) 5... Bd6 {Misschien niet de
beste.} 6. dxc5 Bxc5 7. Nbd2 Nf6 8. b4 ({Normaal} 8. Bd3 {lijkt me sterker.})
8... Bd6 9. Bxd6 Qxd6 10. Bb5 O-O 11. O-O Bd7 12. a3 Ne5 $1 13. Bxd7 Nexd7 ({
Beter was} 13... Nxf3+ 14. Qxf3 Nxd7) 14. c4 b6 15. Qe2 Rac8 16. Rfd1 Qc6 {
Beetje eigenaardig. Normaal was} (16... Rfd8) 17. Nd4 Qb7 18. Nb5 Qb8 19. cxd5
exd5 {Ook een beetje eigenaardig.} (19... Nxd5 20. Ne4 a6 21. Nbd6 Rcd8 {
is OK voor zwart.}) 20. Nd4 Ne5 21. Nf5 {Wit staat ietsje beter maar bood
remise aan wat ik natuurlijk accepteerde.} 1/2-1/2